| 000 | 01123nam a2200313 i 4500 | ||
|---|---|---|---|
| 001 | 000046687 | ||
| 003 | DO-SdBNP | ||
| 005 | 20240411074017.0 | ||
| 008 | 180606s2017 dr 000 f spa d | ||
| 020 | _a9789945492934 | ||
| 040 |
_aDO-SdBNP _bspa _cBNPHU _erda |
||
| 082 | 4 |
_aRD863. 5 _bA185p _222 |
|
| 100 | 1 |
_aAcosta, José _922917 _eautor |
|
| 245 | 1 | 3 |
_aEl patio de los bramidos : _bpremio anual de cuento José Ramón López, 2015 / _cJosé Acosta. |
| 264 |
_aSanto Domingo : _bNacional : Ministerio de Cultura ; _c2017. |
||
| 300 |
_a137 páginas ; _c22 cm. |
||
| 336 |
_2rdacontent _atexto _btxt |
||
| 337 |
_2rdamedia _asin mediación _bn |
||
| 338 |
_2rdacarrier _avolumen _bnc |
||
| 490 | 0 | _aNarrativa | |
| 500 | _aIncluye datos biográficos del autor en la solapa de la cubierta | ||
| 586 | _aPremio Anual de Cuento José Ramón López, 2015 | ||
| 590 | _aInventariado, 2018/YL | ||
| 650 | 4 |
_aCertámenes literarios _xRepública dominicana _974638 |
|
| 650 | 0 |
_aCuentos dominicanos _9176 |
|
| 650 | 4 |
_aLiteratura dominicana _974639 |
|
| 910 | _aValidado. Control de calidad MFF | ||
| 942 |
_2ddc _cLBS1 |
||
| 999 |
_c46176 _d46176 |
||